000 00525nam a2200205Ia 4500
003 OSt
005 20230429101707.0
008 210423s2007 xx 000 0 und d
020 _a-
040 _cAL
041 _aeng
082 _a658.15
_223
_b AVAV
100 _aAVADHANI (V A).
_988254
245 _aInternational finanacial management.
260 _aNew Delhi
_bHimalaya Publishing House
_c2007
300 _ax,544
365 _b310
_cINR
906 _afinanacial ; International ; management.
942 _2ddc
_cBK
999 _c157448
_d157448